| 000 | 00505nam a22001817a 4500 | ||
|---|---|---|---|
| 999 |
_c529263 _d529263 |
||
| 003 | NUST | ||
| 005 | 20190923152355.0 | ||
| 008 | 171106b xxu||||| |||| 00| 0 eng d | ||
| 038 | _aMSOHAIL | ||
| 040 | _c0 | ||
| 082 | _a628.1683 STO | ||
| 100 |
_aState of California _921104 |
||
| 245 |
_aStorm Water Quality Handbooks: _bProject Planning and Design Guide |
||
| 260 |
_bCaltrans _cDept of Transportation _a2003 |
||
| 300 |
_aVarious Pages _c28cm _fH.B. |
||
| 500 | _aphotocopy | ||
| 942 |
_2ddc _cBK _kIESE |
||